ARRUPE JESUIT UNIVERSITY

CORONAVIRUS -STOP THE SPREAD - CLEAN,DISINFECT,COVER

The last secret of Fatima : (Record no. 124378)

MARC details
000 -LEADER
fixed length control field 02448cam a2200301 a 4500
001 - CONTROL NUMBER
control field 15107519
003 - CONTROL NUMBER IDENTIFIER
control field ARRUPE
005 - DATE AND TIME OF LATEST TRANSACTION
control field 20160316113116.0
008 - FIXED-LENGTH DATA ELEMENTS--GENERAL INFORMATION
fixed length control field 071210s2008 nyu b 000 0 eng
010 ## - LIBRARY OF CONGRESS CONTROL NUMBER
LC control number 2007050548
020 ## - INTERNATIONAL STANDARD BOOK NUMBER
International Standard Book Number 9780385525824 (alk. paper)
040 ## - CATALOGING SOURCE
Original cataloging agency DLC
Transcribing agency DLC
Modifying agency DLC
050 00 - LIBRARY OF CONGRESS CALL NUMBER
Classification number BT660.F3
Item number B37 2008
082 00 - DEWEY DECIMAL CLASSIFICATION NUMBER
Classification number 232.91/70946945
Edition number 22
300 ## - PHYSICAL DESCRIPTION
Dimensions 22 cm.
100 1# - MAIN ENTRY--PERSONAL NAME
Personal name Bertone, Tarcisio.
9 (RLIN) 22946
245 14 - TITLE STATEMENT
Title The last secret of Fatima :
Remainder of title my conversations with Sister Lucia /
Statement of responsibility, etc Tarcisio Bertone ; with Giuseppe De Carli ; foreword by Pope Benedict XVI.
260 ## - PUBLICATION, DISTRIBUTION, ETC. (IMPRINT)
Place of publication, distribution, etc New York :
Name of publisher, distributor, etc Doubleday,
Date of publication, distribution, etc c2008.
300 ## - PHYSICAL DESCRIPTION
Extent xvii, 171 p. ;
504 ## - BIBLIOGRAPHY, ETC. NOTE
Bibliography, etc Includes bibliographical references.
505 0# - FORMATTED CONTENTS NOTE
Formatted contents note Under the mantle of Mary -- A perfect post-modern mix -- An illiterate forced to write -- The fateful number thirteen -- Mysterious children -- Encounter with the supernatural -- Not your ordinary red hat -- Parsing the prophecy of Fatima. an interview with Cardinal Tarcisio Bertone -- A radiant, credible witness -- The Rsary and the Liturgy -- The transforming power of Fatima -- John Paul II : the Pope of the third secret -- The enigma of John Paul I -- Envelope, one secret -- Mysteries beyond our ken -- An ongoing revelation -- Fatima, the Holocaust, and more -- Medjugorje -- In defence of popular piety -- Popes and the rosary -- The fascination of the divine -- The call of the sea -- A prayer in the blue mosque -- "As a cardinal, I couldn't say no" -- Messages, interpretations, and acts of entrustment -- The secret of Fatima : parts one and two of the secret -- Supplement to the second part of the secret : the shoah -- Further texts connected with the second secret -- The secret of fatima : the third part of the secret -- Theological commentary of the former prefect of the congregation for the doctrine of the faith, Cardinal Joseph Ratzinger -- John Paul II's act of entrustment to the immaculate heart (March 25, 1984) -- Chronology of the events of Fatima.
600 00 - SUBJECT ADDED ENTRY--PERSONAL NAME
Personal name Mary,
Titles and other words associated with a name Blessed Virgin, Saint
General subdivision Prophecies.
9 (RLIN) 22947
600 00 - SUBJECT ADDED ENTRY--PERSONAL NAME
Personal name Maria Lúcia,
Titles and other words associated with a name Irmã,
Dates associated with a name 1907-2005.
9 (RLIN) 22948
650 #0 - SUBJECT ADDED ENTRY--TOPICAL TERM
Topical term or geographic name as entry element Fatima, Our Lady of.
9 (RLIN) 22949
700 1# - ADDED ENTRY--PERSONAL NAME
Personal name De Carli, Giuseppe,
Dates associated with a name 1952-2010.
9 (RLIN) 22950
906 ## - LOCAL DATA ELEMENT F, LDF (RLIN)
a 7
b cbc
c orignew
d 1
e ecip
f 20
g y-gencatlg
942 ## - ADDED ENTRY ELEMENTS (KOHA)
Source of classification or shelving scheme Library of Congress Classification
Koha item type Monograph ( Printed materials)
Holdings
Withdrawn status Lost status Source of classification or shelving scheme Damaged status Not for loan Collection code Home library Current library Shelving location Date acquired Total Checkouts Full call number Barcode Date last seen Price effective from Koha item type
    Library of Congress Classification     Main Collection ARRUPE LIBRARY ARRUPE LIBRARY Main Collection 15/03/2016   BT660.F3 B37 2008 46500006655 15/03/2016 15/03/2016 Monograph ( Printed materials)

 

Arrupe Library. PO Box MP320 Mt Pleasant, Harare, Zimbabwe
263 242 745411|librarian@aju.ac.zw